Theory of elasticity, (Record no. 544358)

000 -LEADER
fixed length control field 00549nam a22001691 4500
082 00 - DEWEY DECIMAL CLASSIFICATION NUMBER
Classification number 531.38
Author Mark TIM
-- L-5,P--39
100 1# - MAIN ENTRY--PERSONAL NAME
Personal name Timoshenko, Stephen,
9 (RLIN) 37703
245 10 - TITLE STATEMENT
Title Theory of elasticity,
Statement of responsibility, etc. by S. Timoshenko ...
250 ## - EDITION STATEMENT
Edition statement 1st ed.
260 ## - PUBLICATION, DISTRIBUTION, ETC.
Place of publication, distribution, etc. New York,
-- London,
Name of publisher, distributor, etc. McGraw-Hill book company, inc.,
Date of publication, distribution, etc. 1934.
300 ## - PHYSICAL DESCRIPTION
Extent xvi, 416 p.
Other physical details illus., diagrs.
Dimensions 24 cm.
526 ## - STUDY PROGRAM INFORMATION NOTE
Program name 0
Interest level 0
Reading level 0
Title point value 531_380000000000000_TIM
650 #0 - SUBJECT ADDED ENTRY--TOPICAL TERM
Topical term or geographic name entry element Elasticity.
9 (RLIN) 10835
650 #0 - SUBJECT ADDED ENTRY--TOPICAL TERM
Topical term or geographic name entry element Strains and stresses.
9 (RLIN) 28238
650 #0 - SUBJECT ADDED ENTRY--TOPICAL TERM
Topical term or geographic name entry element Strength of materials.
9 (RLIN) 563
942 ## - ADDED ENTRY ELEMENTS (KOHA)
Source of classification or shelving scheme
Koha item type Book
Holdings
Withdrawn status Lost status Source of classification or shelving scheme Damaged status Not for loan Permanent Location Current Location Date acquired Total Checkouts Total Renewals Full call number Barcode Date last seen Date last checked out Price effective from Koha item type
          Military College of Engineering (MCE) Military College of Engineering (MCE) 04/17/2014 1 1 531.38 TIM MCE-30207 10/29/2020 02/28/2020 04/17/2014 Book
© 2023 Central Library, National University of Sciences and Technology. All Rights Reserved.